Física elemental; tomo 2 /
Guardado en:
| Autor Principal: | |
|---|---|
| Otros Autores: | |
| Formato: | Libro |
| Publicado: |
Buenos Aire :
Nigar,
1962
|
| Edición: | 6a. ed. |
| Materias: | |
| Etiquetas: |
Agregar Etiqueta
Sin Etiquetas, Sea el primero en etiquetar este registro!
|
| LEADER | 00889nam a22002415a 4500 | ||
|---|---|---|---|
| 001 | CEM.cems002422 | ||
| 005 | 20060220000000.0 | ||
| 008 | 130507s1962##################000#0#####d | ||
| 003 | CEMS | ||
| 082 | 0 | 4 | |a 530 |
| 100 | 1 | |a Fernández, Jose S. | |
| 245 | 1 | 0 | |a Física elemental; tomo 2 / |
| 250 | |a 6a. ed. | ||
| 260 | |a Buenos Aire : |b Nigar, |c 1962 | ||
| 300 | |a 516 p. | ||
| 505 | 0 | |a Acerca de una nueva clase de radiaciones. Lineas ondulatorias en los modelos de campos. Saltos en el mundo de las imagenes. Hablan los fisicos "matematicamente"?. Encuentro con la pluridimension. ABC de las particulas elementales. Un planeta como laboratorio. Ojeada sobre el universo | |
| 653 | |a Electricidad | ||
| 653 | |a Fisica | ||
| 653 | |a Fisica 5to. año | ||
| 653 | |a Magnetismo | ||
| 653 | |a Optica | ||
| 700 | 1 | |a Galloni, Ernesto | |
| 859 | |a CEMS |b BIB. CEMS - 11 de abril |h 530 |i F391a6/II |p 6726.79 |t Ej.1 | ||
